| 000 | 004280000a22001090004500 | ||
|---|---|---|---|
| 090 |
_aAS _bSeriadas |
||
| 245 | 1 | 0 | _aContribución al conocimiento de los Anelidos (Annelida: Polychaeta) de aguas someras en la Bahía de Neguange Parque Nacional Natural Tayrona, Colombia |
| 041 | 0 | _aEspañol | |
| 100 | 1 |
_aRodríguez Gómez, Horacio _918433 |
|
| 942 | _cARTICULO | ||
| 773 | 1 |
_tTrianea _kActa Científica y Tecnológica _h2 _q403-443 _d1988 |
|
| 999 |
_c16169 _d16169 |
||